NBA: Most Blocks (2020-2021 Season) - Statistics

General Stats
  • This quiz has been taken 63 times
    37 since last reset
  • The average score is 25 of 51
Answer Stats
# Player Blocks % Correct
1 Rudy Gobert 188
94%
30 Anthony Davis 59
88%
2 Myles Turner 159
88%
4 Clint Capela 129
84%
18 Giannis Antetokounmpo 72
84%
T20 Joel Embiid 69
81%
T27 Ivica Zubac 62
75%
23 Bam Adebayo 66
72%
T38 Danny Green 56
72%
24 DeAndre Jordan 65
72%
T47 Draymond Green 50
72%
9 Robert Williams 91
72%
7 Brook Lopez 102
69%
13 Deandre Ayton 81
69%
T27 Dwight Howard 62
69%
T34 Kristaps Porziņģis 57
69%
T34 Karl-Anthony Towns 57
66%
10 Jarrett Allen 89
63%
T34 Jonas Valančiūnas 57
63%
T27 John Collins 62
59%
5 Jakob Poeltl 120
50%
T45 Tobias Harris 51
50%
6 Chris Boucher 111
47%
T38 Marc Gasol 56
44%
26 Mikal Bridges 63
44%
T15 Daniel Gafford 74
41%
T34 Daniel Theis 57
41%
44 JaVale McGee 52
41%
3 Nerlens Noel 133
41%
8 Richaun Holmes 96
41%
T20 Andrew Wiggins 69
38%
T47 Mason Plumlee 50
38%
T45 Brandon Clarke 51
34%
T42 Derrick Jones Jr. 54
34%
T31 Jerami Grant 58
34%
T31 Mo Bamba 58
34%
T50 Montrezl Harrell 49
34%
22 Derrick Favors 68
31%
11 Isaiah Stewart 86
31%
T42 Michael Porter Jr. 54
31%
12 Robert Covington 82
31%
T15 Bismack Biyombo 74
28%
14 P.J. Washington 78
28%
25 Alex Len 64
25%
19 Matisse Thybulle 71
25%
T38 Goga Bitadze 56
13%
T38 Kyle Anderson 56
13%
17 Naz Reid 73
13%
T47 Khem Birch 50
9%
T31 Jaden McDaniels 58
6%
T50 Drew Eubanks 49
3%
No matching quizzes found
Score Distribution
Percent of People with Each Score
Percentile by Number Answered
Your Score History
You have not taken this quiz since the last reset